LEADER 02403nam 2200529 a 450 001 9910455778003321 005 20200520144314.0 010 $a0-309-50986-6 035 $a(CKB)111069351124272 035 $a(EBL)3375524 035 $a(SSID)ssj0000093476 035 $a(PQKBManifestationID)11124633 035 $a(PQKBTitleCode)TC0000093476 035 $a(PQKBWorkID)10024187 035 $a(PQKB)10317137 035 $a(MiAaPQ)EBC3375524 035 $a(Au-PeEL)EBL3375524 035 $a(CaPaEBR)ebr10038805 035 $a(OCoLC)923257020 035 $a(EXLCZ)99111069351124272 100 $a20020801d2001 uy 0 101 0 $aeng 135 $aur|n|---||||| 181 $ctxt 182 $cc 183 $acr 200 00$a2001 assessment of the Office of Naval Research's Aircraft Technology Program$b[electronic resource] /$fCommittee for the Review of ONR's Aircraft Technology Program, Naval Studies Board, Division on Engineering and Physical Sciences, National Research Council 210 $aWashington, D.C. $cNational Academy Press$d2001 215 $a1 online resource (70 p.) 300 $aDescription based upon print version of record. 311 $a0-309-07617-X 327 $a""Front Matter""; ""Preface""; ""Acknowledgment of Reviewers""; ""Contents""; ""Summary""; ""1 Introduction""; ""3 Integrated Avionics""; ""4 Propulsion and Power""; ""5 Air Vehicle Technology""; ""6 Unmanned Aerial Vehicles/ Unmanned Combat Air Vehicles""; ""6 Unmanned Aerial Vehicles/ Unmanned Combat Air Vehicles""; ""7 Survivability""; ""8 Special Aviation Projects""; ""A Biographies of Committee Members and Staff""; ""B Agenda for the Meeting of the Committee for the Review of ONRa???s Aircraft Technology Program""; ""C Acronyms and Abbreviations"" 606 $aAeronautics, Military$xStudy and teaching$zUnited States 606 $aNaval aviation$xStudy and teaching$zUnited States 606 $aNaval research$zUnited States 608 $aElectronic books. 615 0$aAeronautics, Military$xStudy and teaching 615 0$aNaval aviation$xStudy and teaching 615 0$aNaval research 676 $a359.9407 801 0$bMiAaPQ 801 1$bMiAaPQ 801 2$bMiAaPQ 906 $aBOOK 912 $a9910455778003321 996 $a2001 assessment of the Office of Naval Research's Aircraft Technology Program$91915510 997 $aUNINA